=LDR 00000nam 2200000 4500 =001 INLIS000000000011329 =005 20130612102913 =008 ***********************************Ind** =035 ##$$0010-061300000011329 =041 ##$$a Ind =082 ##$$a 387.51 =090 ##$$a 387.51, Low k =100 ##$$a Lawarata, Aerman A.C =245 ##$$a Konosemus dan for wordmg ajency(ek spedisi muatan kapal laut dan penerapan ), Herman A.C.Lawalata =260 ##$$b Jakarta6bAksara Baru6c1983 =300 ##$$a VIII,283 hlm., 21 cm =650 ##$$a Angkutan Laut =850 ##$$a NBPNMAT